[Event "EU-ch U18 30th"]
[Site "Antalya"]
[Date "2022.11.12"]
[Round "7"]
[White "Poltorak, Sebastian"]
[Black "Rogge, Parcival"]
[Result "1-0"]
[WhiteElo "2346"]
[BlackElo "2253"]
[PlyCount "83"]
[EventDate "2022.11.06"]
[EventType "swiss"]
[EventRounds "9"]
[EventCountry "TUR"]
[SourceTitle "EXT 2024"]
[Source "ChessBase"]
[SourceDate "2023.10.10"]
[SourceVersion "1"]
[SourceVersionDate "2023.10.10"]
[SourceQuality "1"]

1. e4 c5 2. Nf3 d6 3. c3 Nf6 4. Be2 g6 5. 0-0 Bg7 6. Bb5+ Nc6 7. Re1 0-0 8. h3 e5 9. d3 Re8 10. Nbd2 a6 11. Ba4 b5 12. Bb3 Be6 13. Nf1 h6 14. Ne3 d5 15. exd5 Nxd5 16. Ng4 Bxg4 17. hxg4 Qd7 18. g5 h5 19. Re4 Rad8 20. Qe2 Nb6 21. Be3 Nd5 22. Rd1 Qd6 23. Bc1 a5 24. a4 b4 25. Bd2 Kf8 26. Re1 Re7 27. g3 Nb6 28. Bc2 Rdd7 29. Be3 Nd5 30. Rc4 Nd4 31. Qd1 Nxe3 32. Rxe3 Nf5 33. Re1 Qd5 34. Bb3 Qxd3 35. Rxc5 Qxd1 36. Bxd1 bxc3 37. bxc3 e4 38. Rc8+ Re8 39. Rxe8+ Kxe8 40. Rxe4+ Kf8 41. Bc2 Bxc3 42. Rf4 1-0

[Event "BEL-ch"]
[Site "Bruges"]
[Date "2022.08.18"]
[Round "8"]
[White "Dgebuadze, Alexandre"]
[Black "Rogge, Parcival"]
[Result "1/2-1/2"]
[WhiteElo "2436"]
[BlackElo "2231"]
[PlyCount "40"]
[EventDate "2022.08.11"]
[EventType "tourn"]
[EventRounds "9"]
[EventCountry "BEL"]
[EventCategory "4"]
[SourceTitle "CBM 209 Extra"]
[Source "ChessBase"]
[SourceDate "2022.09.30"]
[SourceVersion "1"]
[SourceVersionDate "2022.09.30"]
[SourceQuality "1"]

1. e4 c5 2. Nc3 a6 3. Nge2 Nf6 4. g3 e5 5. Bg2 Nc6 6. d3 d6 7. h3 Be7 8. 0-0 0-0 9. f4 b5 10. g4 Bb7 11. Ng3 Nd4 12. Nd5 Nxd5 13. exd5 Bh4 14. Kh2 Bxg3+ 15. Kxg3 exf4+ 16. Bxf4 Re8 17. c3 Ne2+ 18. Kh2 Nxf4 19. Rxf4 Qg5 20. Rf5 Qe3 1/2-1/2

[Event "BEL-ch"]
[Site "Bruges"]
[Date "2022.08.12"]
[Round "2"]
[White "Rogge, Parcival"]
[Black "Dardha, Daniel"]
[Result "0-1"]
[WhiteElo "2231"]
[BlackElo "2599"]
[PlyCount "146"]
[EventDate "2022.08.11"]
[EventType "tourn"]
[EventRounds "9"]
[EventCountry "BEL"]
[EventCategory "4"]
[SourceTitle "CBM 209 Extra"]
[Source "ChessBase"]
[SourceDate "2022.09.30"]
[SourceVersion "1"]
[SourceVersionDate "2022.09.30"]
[SourceQuality "1"]

1. e4 c5 2. Nf3 Nc6 3. Nc3 g6 4. d4 cxd4 5. Nxd4 Bg7 6. Be3 Nf6 7. Bc4 Qa5 8. 0-0 0-0 9. Bb3 d6 10. f3 Bd7 11. Qd2 Rfc8 12. Nxc6 bxc6 13. Rfd1 Be8 14. Ne2 Qc7 15. c4 Nd7 16. Bd4 Bxd4+ 17. Qxd4 Qb6 18. Rab1 Qxd4+ 19. Nxd4 Rab8 20. Bc2 c5 21. Ne2 Ne5 22. b3 Rb7 23. Nc3 Nc6 24. Rd2 Rcb8 25. Bd1 Nd4 26. Ne2 e5 27. Nxd4 exd4 28. Bc2 Bc6 29. Re1 Re7 30. Kf2 a5 31. Rde2 Rbe8 32. f4 f6 33. h4 Kg7 34. g4 h6 35. Kg3 g5 36. hxg5 hxg5 37. Rh2 gxf4+ 38. Kxf4 Re5 39. Bd3 R8e7 40. Rh3 Be8 41. Rh2 Bg6 42. a4 Rb7 43. Bc2 Rb4 44. Rh3 Rb8 45. Re2 Rbe8 46. Bd3 Rg5 47. Reh2 Rg8 48. Bc2 Rb8 49. Re2 Re5 50. Bd1 Rf8 51. Rh1 Bh7 52. Rh3 Bg6 53. Rh1 Rfe8 54. Bc2 f5 55. gxf5 Bxf5 56. Rg2+ Bg6 57. Kf3 Kf7 58. Rhg1 R8e6 59. Rg5 Bxe4+ 60. Bxe4 Rf6+ 61. Bf5 Rfxf5+ 62. Rxf5+ Rxf5+ 63. Ke4 Re5+ 64. Kd3 Re3+ 65. Kc2 Re2+ 66. Kc1 Kf6 67. Rg8 Kf5 68. Rd8 Ke4 69. Rxd6 Kd3 70. Rd5 Kc3 71. Kd1 Ra2 72. Rxc5 d3 73. Ke1 Ra1+ 0-1